000 00609nam a2200229Ia 4500
003 OSt
005 20221007074808.0
006 a|||||r|||| 00| 0
007 ta
008 221006b |||||||| |||| 00| 0 eng d
024 _a11,492
037 _cTextual
040 _aFLL
_cFLL
_beng
041 _2eng
_aeng
082 _aV1N4:3.N7, L5
100 _aCiobanu Dan Au.
_9693162
245 0 _aPreliminary objections
260 _aNetherland
_bMartinus pub. Netherland
_c1975
300 _a230p
_ccm.
942 _hV1N4:3.N7, L5
_cTEXL
_2CC
999 _c1153697
_d1153697